00471nam a2200181 a 450000100060000000300090000600800410001502000150005604000280007108200100009910000210010924500230013026000420015330000110019549000190020665000320022565000320025717667CO-ViMGA141112s2004 ck r 000 u spa d a9580442797 aCO-ViMGAbspacCO-ViMGA04aCARca1 aCarvajal, Victor10aCartas a Bam - Bam aBarcelona (España), cNorma, c1998 a182.p. aTorre de papel14aCUENTOS INFANTILES CHILENOS14aFUTBOL - CUENTOS INFANTILES